header

Selected topics in structronics and mechatronic systems (Record no. 33219)

MARC details
000 -LEADER
fixed length control field 01392nam a2200337 a 4500
082 04 - DEWEY DECIMAL CLASSIFICATION NUMBER
Classification number 621
245 00 - TITLE STATEMENT
Title Selected topics in structronics and mechatronic systems
260 ## - PUBLICATION, DISTRIBUTION, ETC. (IMPRINT)
Place of publication River Edge, NJ :
Name of publisher World Scientific,
Year of publication c2003.
300 ## - PHYSICAL DESCRIPTION
Number of Pages xv, 439 p. :
Other physical details ill.
490 1# - SERIES STATEMENT
Series statement Series on stability, vibration, and control of systems. Series B ;
650 #0 - SUBJECT ADDED ENTRY--TOPICAL TERM
Topical Term Mechatronics.
Topical Term Systems engineering.
700 1# - ADDED ENTRY--PERSONAL NAME
Personal name Belyaev, Alexander.
Personal name Guran, A.
856 40 - ELECTRONIC LOCATION AND ACCESS
Uniform Resource Identifier http://site.ebrary.com/lib/rucke/Doc?id=10255904

No items available.

© 2026 Rongo University
Contact us: librarian | system librarian | Rongo university